01198nam a22003137a 4500003000900000005001700009007000300026008004100029020001800070040002500088082001400113245022200127260003400349300003500383500003900418504003100457650003900488650004800527650005400575700001900629700001800648700001800666700001800684700002000702700001900722700003700741700002800778710007800806DO-SdBNP20250526113050.0ta110301t2022 dr ad fr 001 e spa d a9789945933505 aDO-SdBNPbspacBNPHU 4bP966p22200aProsperidad y pensiones :breflexiones y perspectivas tras 20 años de la reforma de pensiones en la República Dominicana /cNicholas Barr...[et.al] ; Prólogo, Milton Ray Guevara ; Presentación, Kirsis Jáquez aSanto Domingo :bADAFP,c2022 a367 p. :bil., graf. ;c23 cm. aIncluye notas al pié de paginas. aBibliografía: p: 353-367 4aPensiones zRepública Dominicana 0aFondo de pensiones zRepública Dominicana 4aReforma de Pensiones x zRepública Dominicana 12aBarr, Nicholas12aValero, Diego12aTuesta, David12aRobles, Edgar12aGarcía, Jaime12aLozano, Manuel12aMilton Ray Guevarad1948-eprol.12aJáquez, Kirsisepres. aAsociación Dominicana de Administradoras de Fondos de Pensiones (ADAFP)